Live like the roses! : (Record no. 40884)
[ view plain ]
| 000 -LEADER | |
|---|---|
| fixed length control field | 00753nam a22001937a 4500 |
| 005 - DATE AND TIME OF LATEST TRANSACTION | |
| control field | 20100811112946.0 |
| 010 ## - LCCN (DPL NO) | |
| LC control number | ENG-99529 |
| 020 ## - INTERNATIONAL STANDARD BOOK NUMBER | |
| International Standard Book Number | 9789380253145 |
| Terms of availability | 75.00 |
| 035 ## - SYSTEM CONTROL NUMBER | |
| System control number | EN-83061 |
| 037 ## - SOURCE OF ACQUISITION | |
| Source of stock number/acquisition | DBAD/PUB |
| 082 ## - DEWEY DECIMAL CLASSIFICATION NUMBER | |
| Classification number | 280 |
| 245 ## - TITLE STATEMENT | |
| Title | Live like the roses! : |
| Statement of responsibility, etc | compiled and edited by M.A. Joe Antony |
| Remainder of title | forty of the best articles on spirituality published in the new leader / |
| 260 ## - PUBLICATION, DISTRIBUTION, ETC. (IMPRINT) | |
| Place of publication, distribution, etc | Tamilnadu |
| Name of publisher, distributor, etc | Vaigarai Publishing House |
| Date of publication, distribution, etc | 2009 |
| 270 ## - ADDRESS | |
| Address | Opp. St. Mary's Publishing House, Dindigul |
| City | Tamilnadu |
| Postal code | 624001 |
| 300 ## - PHYSICAL DESCRIPTION | |
| Extent | 132p. |
| Dimensions | 21cm (pbk) |
| Accompanying material | photos |
| 700 ## - ADDED ENTRY--PERSONAL NAME | |
| Personal name | Antony, M. A. Joe |
| 9 (RLIN) | 10659 |
| 942 ## - ADDED ENTRY ELEMENTS (KOHA) | |
| Source of classification or shelving scheme | Dewey Decimal Classification |
| Item type | English Books |
| Classification part | 280 |
| Call number suffix | LIV |
| Withdrawn status | Lost status | Not for loan | Collection code | Home library | Current library | Date acquired | Source of acquisition | Cost, normal purchase price | Full call number | Barcode | Copy number | Cost, replacement price | Koha item type |
|---|---|---|---|---|---|---|---|---|---|---|---|---|---|
| Not For Loan | Non-fiction | D.B.Act.Division | D.B.Act.Division | 11/08/2010 | DBAD/PUB | 75.00 | 280 LIV | EN-83061 | 1 | 75.00 | English Books |
